|
|
|
|
| LEADER |
00000naa a2200000uu 4500 |
| 001 |
vtls010951127 |
| 003 |
SK-MaSNL |
| 005 |
20260302125620.0 |
| 008 |
220810|2000 xo |||||||||||||||||cze| |
| 015 |
|
|
|a SNBRA
|
| 035 |
|
|
|a (urnnbn)urn:nbn:sk:snk:ar-a0bjs9
|
| 035 |
|
|
|a (uuid)1d74376f-ecc4-4a9c-be3c-2f614fe8fccc
|
| 035 |
|
|
|a urn:nbn:sk:snk-aaubtn
|
| 040 |
|
|
|a SNKBUCL
|b slo
|c SNKBUCL
|e AACR2
|
| 041 |
0 |
|
|a cze
|
| 044 |
|
|
|a xo
|c SK
|
| 100 |
1 |
|
|a Wagnerová, Eva
|4 aut
|9 377683
|
| 245 |
1 |
0 |
|a SHRNUTÍ VYBRANÝCH OTÁZEK PŘÍPRAVY NA VSTUP ČESKÝCH PODNIKŮ DO EU
|c Eva Wagnerová
|
| 773 |
0 |
|
|t Slovenská ekonomika v európskom kontexte
|d V Banskej Bystrici : Univerzita Mateja Bela, 2000
|g S. 372-379
|z 8080554390
|
| 954 |
|
|
|a odborná, vedecká literatúra cudzojazyčná (svetová)
|2 lita
|
| 958 |
|
|
|a OND
|
| 958 |
|
|
|a article11
|
| 958 |
|
|
|a chapter
|
| 999 |
|
|
|c 1294639
|d 1296569
|